[Event "Druzynowe Mistrzostwa Polski Juniorow - I Liga 2018"]
[Site "Kudowa-Zdroj"]
[Date "1899-12-30"]
[Round "2.23"]
[White "Szelag, Zuzanna"]
[Black "Stebel, Agata"]
[Result "1/2-1/2"]
[WhiteTitle "I++"]
[BlackTitle "k"]
[WhiteElo "1767"]
[BlackElo "1859"]

1. e4 e5 2. Nf3 Nf6 3. Nxe5 d6 4. Nf3 Nxe4 5. Nc3 Nxc3 6. dxc3 Be7 7. Be3 O-O 8.
Qd2 Nd7 9. O-O-O b6 10. h4 Bb7 11. Nd4 Nc5 12. f3 Qd7 13. Kb1 Rfe8 14. Rh3 Bf6
15. g4 Qe7 16. Bg5 a6 17. Nf5 Qe6 18. h5 Qd5 19. Bd3 Nxd3 20. cxd3 Qe5 21. Be3
Bc8 22. f4 Qd5 23. Rg3 Bxf5 24. gxf5 Qxf5 25. Qg2 Qxh5 26. Rh1 Qf5 27. Bd4 Bxd4
28. cxd4 g6 29. Rgh3 Kf8 30. Rxh7 Ke7 31. Qc2 Kd7 32. Rc1 c5 33. dxc5 dxc5 34.
Qb3 Re6 35. Qc4 Ke7 36. b4 b5 37. Qxc5+ Qxc5 38. Rxc5 Ra7 39. f5 Re1+ 40. Kc2
g5 41. Rh6 Re2+ 42. Kb3 Rd7 43. Rxa6 Rxd3+ 44. Rc3 Rdd2 45. Rc5 Rb2+ 46. Kc3 Rbc2+
47. Kd4 Rcd2+ 1/2-1/2

[Event "Druzynowe Mistrzostwa Polski Juniorow - I Liga 2018"]
[Site "Kudowa-Zdroj"]
[Date "1899-12-30"]
[Round "2.24"]
[White "Bugaj, Hanna"]
[Black "Nowak, Roksana"]
[Result "1-0"]
[WhiteTitle "I"]
[BlackTitle "I"]
[WhiteElo "1356"]
[BlackElo "1372"]

1. e4 e5 2. Nf3 Nf6 3. Nc3 Nc6 4. a3 a6 5. Be2 Bc5 6. Nxe5 Nxe5 7. d4 Bxd4 8. Qxd4
Nc6 9. Qd3 d6 10. O-O Be6 11. Bg5 h6 12. Bh4 g5 13. Bg3 Qd7 14. b4 Na7 15. e5
Nh7 16. exd6 cxd6 17. Bxd6 Rd8 18. Rad1 Qc6 19. Qd4 Rg8 20. Bf3 Qc8 21. Qxa7 Qxc3
22. Qxb7 Qf6 23. Bc6+ Rd7 24. Rfe1 Qd8 25. Bc7 Kf8 26. Bxd8 Rxb7 27. Bxb7 Kg7
28. Bc7 Nf6 29. Rd8 Ne8 30. Be5+ f6 31. Bb2 Kf7 32. Bc6 Nc7 33. Rxg8 Kxg8 34.
Bxf6 1-0

[Event "Druzynowe Mistrzostwa Polski Juniorow - I Liga 2018"]
[Site "Kudowa-Zdroj"]
[Date "1899-12-30"]
[Round "2.25"]
[White "Janik, Igor"]
[Black "Janiszewski, Filip"]
[Result "1-0"]
[WhiteTitle "IM"]
[BlackTitle "I++"]
[WhiteElo "2420"]
[BlackElo "1953"]

1. e4 c5 2. Nf3 d6 3. Bb5+ Bd7 4. c4 Bxb5 5. cxb5 Nf6 6. Nc3 e6 7. O-O Be7 8. d4
cxd4 9. Qxd4 Nbd7 10. h3 Qb6 11. Qc4 Qc5 12. Qd3 Rc8 13. Rd1 O-O 14. Bf4 Ne5 15.
Nxe5 dxe5 16. Be3 Qc7 17. Rac1 Qb8 18. a3 Bc5 19. Bxc5 Rxc5 20. Qe3 b6 21. Rd3
Rd8 22. Rcd1 Rxd3 23. Qxd3 g6 24. Na2 Qc7 25. Nb4 Rc1 26. Nc6 Rxd1+ 27. Qxd1 Nxe4
28. Qe2 Nc5 29. Qxe5 Qxe5 30. Nxe5 a5 31. bxa6 Nxa6 32. f4 Nc7 33. Kf2 Nd5 34.
g3 f6 35. Nc4 Kf8 36. Ne3 Nc7 37. Ke2 Ke7 38. Kd3 Kd6 39. a4 Kc6 40. Kc4 Ne8 41.
b4 Nd6+ 42. Kd4 h5 43. g4 hxg4 44. Nxg4 Ne8 45. h4 Kb7 46. Nh6 Nc7 1-0

[Event "Druzynowe Mistrzostwa Polski Juniorow - I Liga 2018"]
[Site "Kudowa-Zdroj"]
[Date "1899-12-30"]
[Round "2.26"]
[White "Dixa, Oskar"]
[Black "Czechowski, Jakub"]
[Result "0-1"]
[WhiteTitle "I++"]
[BlackTitle "I"]
[WhiteElo "1929"]
[BlackElo "1880"]

1. e4 c5 2. Nf3 d6 3. Nc3 Nc6 4. a4 g6 5. Bc4 Bg7 6. O-O e6 7. d3 Nge7 8. Re1 O-O
9. Bg5 a6 10. Qd2 Rb8 11. Rad1 Re8 12. Qf4 Ne5 13. Nxe5 Bxe5 14. Qh4 Bd7 15. Re3
b5 16. Rh3 h5 17. d4 cxd4 18. Be2 dxc3 19. Bxh5 Kg7 20. Bxg6 Rh8 21. Bh6+ Kg8
22. Bxf7+ Kxf7 23. Qh5+ Ng6 24. Rf3+ Bf6 25. g4 Rxh6 26. Qxh6 Qh8 27. Qxh8 Nxh8
28. g5 cxb2 0-1

[Event "Druzynowe Mistrzostwa Polski Juniorow - I Liga 2018"]
[Site "Kudowa-Zdroj"]
[Date "1899-12-30"]
[Round "2.27"]
[White "Dzida, Kamil"]
[Black "Ochedzan, Tymon"]
[Result "1-0"]
[WhiteTitle "I++"]
[BlackTitle "CM"]
[WhiteElo "1854"]
[BlackElo "1874"]

1. e4 c5 2. Nf3 d6 3. d4 cxd4 4. Nxd4 Nf6 5. Nc3 a6 6. Nb3 Nc6 7. Be2 e6 8. g4
b5 9. a3 Bb7 10. g5 Nd7 11. Be3 Rc8 12. Qd2 Nb6 13. O-O-O Ne5 14. Na5 Ba8 15.
f4 Nec4 16. Nxc4 Nxc4 17. Bxc4 Rxc4 18. Bd4 a5 19. b3 Rc8 20. Rhe1 d5 21. exd5
Bxa3+ 22. Kb1 O-O 23. Qe3 Re8 24. Nxb5 Bf8 25. d6 Qd7 26. Nc7 Red8 27. Bb6 Bb7
28. c4 Qc6 29. Nb5 Rxd6 30. Nxd6 Bxd6 31. Qd4 Bb4 32. Re3 Qg2 33. Bc5 Bxc5 34.
Qxc5 g6 35. Qe5 Bf3 36. Rd7 Bg4 37. Qc3 Bf5+ 38. Ka1 a4 39. Qd2 Qg1+ 40. Re1 Qb6
41. Rd1 Rc5 42. b4 e5 43. bxc5 Qb3 44. Rd8+ Kg7 45. Rg8+ Kxg8 46. Qd8+ Kg7 47.
Qf6+ Kg8 48. Rd8# 1-0

[Event "Druzynowe Mistrzostwa Polski Juniorow - I Liga 2018"]
[Site "Kudowa-Zdroj"]
[Date "1899-12-30"]
[Round "2.28"]
[White "Skurniak, Szymon"]
[Black "Koziorowicz, Michal"]
[Result "0-1"]
[WhiteTitle "I"]
[BlackTitle "I"]
[WhiteElo "1729"]
[BlackElo "1692"]

1. e4 c5 2. Nf3 d6 3. d4 cxd4 4. Nxd4 Nf6 5. Nc3 g6 6. Be3 Bg7 7. f3 O-O 8. Qd2
Nc6 9. g4 Nxd4 10. Bxd4 Be6 11. h4 Qa5 12. h5 Rfd8 13. a3 d5 14. hxg6 dxe4 15.
g5 Rxd4 16. Qxd4 Nd5 17. gxf7+ Bxf7 18. Qxe4 Nxc3 19. Qxh7+ Kf8 20. bxc3 Qxc3+
21. Kf2 Bd4+ 22. Kg3 Be5+ 23. Kf2 Qd4+ 24. Kg2 Qd2+ 25. Kh3 Be6+ 26. Kh4 Qf2+
27. Kh5 Qxf3+ 28. Kg6 Bf5+ 29. Kh6 Qxh1+ 30. Bh3 Qxh3# 0-1

[Event "Druzynowe Mistrzostwa Polski Juniorow - I Liga 2018"]
[Site "Kudowa-Zdroj"]
[Date "1899-12-30"]
[Round "2.29"]
[White "Raczykowska, Paulina"]
[Black "Wawrzyniak, Weronika"]
[Result "1-0"]
[WhiteTitle "k"]
[BlackTitle "I"]
[WhiteElo "1890"]
[BlackElo "1455"]

1. e4 c5 2. Nf3 d6 3. d4 cxd4 4. Nxd4 Nf6 5. Nc3 a6 6. Nb3 e6 7. Bd3 Be7 8. O-O
O-O 9. f4 Qc7 10. Qf3 Nbd7 11. Bd2 b5 12. a3 Bb7 13. Qh3 Rfd8 14. Rae1 Rac8 15.
Kh1 Bf8 16. Re3 Nc5 17. Qh4 Nxd3 18. cxd3 Be7 19. Rh3 h6 20. Qg3 Kf8 21. e5 Nd5
22. f5 exf5 23. Rxf5 dxe5 24. Qf2 Nf4 25. Bxf4 exf4 26. Rxf4 Bg5 27. Rf5 Kg8 28.
Nc5 Ba8 29. Nxa6 Qb7 30. Nc5 Qc6 31. N5e4 Qe6 32. Nxg5 hxg5 33. Re3 Qc6 34. Rxg5
Re8 35. Reg3 g6 36. h4 Re6 37. Ne4 Qc1+ 38. Kh2 Bxe4 39. dxe4 Rc2 40. Qf5 Rcc6
41. Qd5 Qf4 42. R5g4 Qf1 43. Rf3 Qe2 44. Qd8+ Kg7 45. h5 Rf6 46. h6+ Kh7 47. Qf8
Rxf3 48. Qg7# 1-0

[Event "Druzynowe Mistrzostwa Polski Juniorow - I Liga 2018"]
[Site "Kudowa-Zdroj"]
[Date "1899-12-30"]
[Round "2.30"]
[White "Barwinska, Ewa"]
[Black "Siekanska, Maria"]
[Result "1-0"]
[WhiteTitle "I"]
[BlackTitle "I+"]
[WhiteElo "1457"]
[BlackElo "1306"]

1. e4 c5 2. Nf3 e6 3. d4 cxd4 4. Nxd4 Nf6 5. Nc3 d6 6. g4 Nc6 7. g5 Nd7 8. Be3
Be7 9. h4 O-O 10. Be2 a6 11. Qd2 Nxd4 12. Qxd4 b5 13. O-O-O Qa5 14. Bd2 b4 15.
Nb1 Rb8 16. a3 d5 17. exd5 exd5 18. Bxb4 Bxb4 19. axb4 Rxb4 20. Qc3 Qa4 21. h5
d4 22. Qa3 Ne5 23. Qxa4 Rxa4 24. Rh4 f6 25. gxf6 Rxf6 26. Rhxd4 Rxd4 27. Rxd4
Rxf2 28. Nc3 Kf7 29. Rd8 Bg4 30. Bxa6 Bxh5 31. Rd5 Rf5 32. b4 Bf3 33. Rc5 Rf6
34. Rc7+ Kg6 35. b5 Rf7 36. b6 h5 37. b7 Bxb7 38. Rxb7 Rxb7 39. Bxb7 Kf5 40. Ne2
g5 41. Kd2 g4 42. Ke1 h4 43. Kf2 Nc4 44. Bd5 g3+ 45. Kf3 Ne5+ 46. Kg2 Ng4 47.
Kh3 Kg5 48. Be6 Ne3 49. c4 Nxc4 50. Bxc4 Kf5 51. Kxh4 Ke4 52. Kxg3 Kf5 53. Kf3
Ke5 54. Ke3 Kf5 55. Bd5 Ke5 56. Be4 Kf6 57. Kd4 Kg5 58. Ke5 Kg4 59. Kf6 Kh5 60.
Bf3+ Kh4 61. Kf5 Kh3 62. Kf4 Kh2 63. Ke3 Kh3 64. Kf2 Kh4 65. Ng1 Kg5 66. Kg3 Kf5
67. Ne2 Ke5 68. Kg4 Kd6 69. Kf5 Kc5 70. Ke5 Kc4 71. Be4 Kc5 72. Bd5 Kb4 73. Kd4
Kb5 74. Nc3+ Kb6 75. Na4+ Kc7 76. Ke5 Kd7 77. Nc5+ Kc7 78. Ke6 Kb6 79. Kd6 Kb5
80. Nd3 Ka4 81. Kc5 Ka3 82. Kc4 Ka4 83. Nb4 Ka5 84. Kc5 Ka4 85. Nc2 Ka5 86. Nd4
Ka6 87. Nb5 Ka5 88. Nd6 Ka4 89. Nb5 Ka5 90. Bb3 Ka6 91. Nd6 Ka5 92. Nb7+ Ka6 93.
Kc6 Ka7 94. Kc7 Ka6 95. Bc4+ Ka7 96. Nd6 Ka8 97. Bb5 Ka7 98. Nc8+ 1-0

[Event "Druzynowe Mistrzostwa Polski Juniorow - I Liga 2018"]
[Site "Kudowa-Zdroj"]
[Date "1899-12-30"]
[Round "3.1"]
[White "Janiszewski, Filip"]
[Black "Grela, Kacper"]
[Result "1-0"]
[WhiteTitle "I++"]
[BlackTitle "FM"]
[WhiteElo "1953"]
[BlackElo "2320"]

1. e4 c5 2. Nf3 Nc6 3. Bb5 d6 4. O-O Nf6 5. Re1 Bd7 6. c3 a6 7. Bf1 Bg4 8. d3 e6
9. Bg5 Be7 10. Nbd2 O-O 11. h3 Bh5 12. Be2 d5 13. e5 Nd7 14. Bf4 f6 15. exf6 Bxf6
16. Bd6 Re8 17. d4 cxd4 18. Nxd4 Bf7 19. N2f3 g6 20. Nc2 e5 21. Qd2 b6 22. Ne3
Nc5 23. Bxc5 bxc5 24. Ng4 e4 25. Nxf6+ Qxf6 26. Nh2 Ne5 27. f4 Nc6 28. Ng4 Qg7
29. f5 g5 30. h4 h5 31. hxg5 hxg4 32. g6 Ne5 33. gxf7+ Qxf7 34. Qg5+ Qg7 35. Qh5
Rad8 36. Rf1 Rf8 37. f6 Rxf6 38. Rxf6 Qxf6 39. Rf1 Nf3+ 40. gxf3 gxf3 41. Bxf3
exf3 42. Rxf3 Qg7+ 43. Kf2 Rf8 44. Qxd5+ Kh8 45. Qxc5 Rxf3+ 46. Kxf3 Qb7+ 47.
Kf4 Qxb2 48. Qd4+ Kh7 49. a4 Qb3 50. Ke5 Qb8+ 51. Kd5 Qb3+ 52. Qc4 Qa3 53. Kc6
Qb2 54. Qb4 Qc2 55. Kb6 Qg6+ 56. Ka5 Qc6 57. c4 Qc8 58. c5 Qd8+ 59. Qb6 Qd4 60.
c6 Qc4 61. Qxa6 Qc5+ 62. Qb5 Qa7+ 63. Kb4 Qd4+ 64. Qc4 Qb6+ 65. Kc3 Qa5+ 66. Kd4
Qb6+ 67. Kd5 Qd8+ 68. Kc5 Qa5+ 69. Qb5 Qa7+ 70. Kd6 Qd4+ 71. Kc7 Qa7+ 72. Kc8
Qa8+ 73. Kd7 Qa7+ 74. c7 Qd4+ 75. Kc8 Qa7 76. Kd8 1-0

[Event "Druzynowe Mistrzostwa Polski Juniorow - I Liga 2018"]
[Site "Kudowa-Zdroj"]
[Date "1899-12-30"]
[Round "3.2"]
[White "Karykowska, Anna"]
[Black "Dixa, Oskar"]
[Result "0-1"]
[WhiteTitle "k"]
[BlackTitle "I++"]
[WhiteElo "1869"]
[BlackElo "1929"]

1. e4 c5 2. Nf3 d6 3. d4 cxd4 4. Nxd4 Nf6 5. Nc3 a6 6. Bc4 e6 7. Bb3 Be7 8. g4
h6 9. Rg1 Nc6 10. Be3 Bd7 11. Nxc6 Bxc6 12. Qf3 b5 13. O-O-O b4 14. Nd5 exd5 15.
exd5 Bd7 16. h4 h5 17. g5 Ng4 18. Bf4 O-O 19. Qg3 Qb6 20. Rde1 Rae8 21. f3 Ne5
22. Bxe5 dxe5 23. g6 Bc5 24. gxf7+ Rxf7 25. Rg2 Be3+ 26. Kb1 Bf4 27. Qg6 Qxg6
28. Rxg6 Rf6 29. d6+ Kh7 30. Rxf6 gxf6 31. Bf7 Rc8 32. Rd1 Bf5 33. d7 Rxc2 34.
a4 Rc1+ 35. Ka2 Rxd1 0-1

[Event "Druzynowe Mistrzostwa Polski Juniorow - I Liga 2018"]
[Site "Kudowa-Zdroj"]
[Date "1899-12-30"]
[Round "3.3"]
[White "Ochedzan, Tymon"]
[Black "Kejna, Piotr"]
[Result "1-0"]
[WhiteTitle "CM"]
[BlackTitle "CM"]
[WhiteElo "1874"]
[BlackElo "1505"]

1. e4 c5 2. Nf3 e6 3. d4 cxd4 4. Nxd4 Nf6 5. Nc3 Qb6 6. e5 Bc5 7. Be3 Qxb2 8. Ndb5
Bb4 9. Bd2 Nd5 10. Rb1 Bxc3 11. Rxb2 Bxb2 12. c4 a6 13. cxd5 axb5 14. Qc2 Na6
15. Qxb2 exd5 16. Bxb5 O-O 17. O-O Nc7 18. Bd3 Ne6 19. f4 Nc5 20. Bc2 Na4 21.
Qb5 b6 22. Bxa4 Ba6 23. Qb3 Bc4 24. Qb4 Bxf1 25. Kxf1 b5 26. Bb3 Rac8 27. Qxb5
h6 28. Qxd5 1-0

[Event "Druzynowe Mistrzostwa Polski Juniorow - I Liga 2018"]
[Site "Kudowa-Zdroj"]
[Date "1899-12-30"]
[Round "3.4"]
[White "Eigner, Jerzy"]
[Black "Skurniak, Szymon"]
[Result "1/2-1/2"]
[WhiteTitle "II+"]
[BlackTitle "I"]
[WhiteElo "1352"]
[BlackElo "1729"]

1. e4 c5 2. Nf3 a6 3. d4 cxd4 4. Nxd4 Nf6 5. Bd3 e5 6. Nf3 d6 7. c4 Be7 8. O-O
O-O 9. Nc3 Be6 10. h3 Qc7 11. Nd5 Nxd5 12. cxd5 Bc8 13. Be3 f5 14. Rc1 Qd8 15.
Qb3 fxe4 16. Bxe4 Nd7 17. Bd3 Qe8 18. Rfe1 Nf6 19. Nxe5 Qh5 20. Bf4 Bxh3 21. gxh3
Qxh3 22. Bg3 Bd8 23. Nc4 b5 24. Ne3 Bb6 25. Bf1 Qh5 26. Rc6 Ba5 27. Rd1 Ne4 28.
Qc2 Rae8 29. Ng2 Ng5 30. Nf4 Nf3+ 31. Kg2 Nh4+ 32. Kg1 Rxf4 33. Bxf4 Nf3+ 34.
Kg2 Nh4+ 35. Kg1 Nf3+ 36. Kg2 Nh4+ 1/2-1/2

[Event "Druzynowe Mistrzostwa Polski Juniorow - I Liga 2018"]
[Site "Kudowa-Zdroj"]
[Date "1899-12-30"]
[Round "3.5"]
[White "Wawrzyniak, Weronika"]
[Black "Lascar, Maria Elena"]
[Result "1/2-1/2"]
[WhiteTitle "I"]
[BlackTitle "I+"]
[WhiteElo "1455"]
[BlackElo "1604"]

1. e4 c5 2. Nf3 e6 3. d4 cxd4 4. Nxd4 Nc6 5. Nxc6 bxc6 6. c4 Nf6 7. Nc3 Qc7 8.
Bd3 Be7 9. O-O O-O 10. Qe2 d6 11. f4 Nd7 12. b3 Nc5 13. Bc2 a5 14. e5 f5 15. Bd2
d5 16. Qf2 Ba6 17. Be3 Nd7 18. Rfd1 dxc4 19. bxc4 Bxc4 20. Bd3 Ba6 21. Bxa6 Rxa6
22. Qe2 Raa8 23. Qc4 Kh8 24. Qxe6 Nb6 25. Rab1 Rab8 26. Bxb6 Rxb6 27. Qc4 Rxb1
28. Rxb1 Bb4 29. Kh1 Rd8 30. Ne2 c5 31. h3 h6 32. Ng3 Rd4 33. Qe6 Rxf4 34. Rd1
Rd4 35. Rxd4 cxd4 36. Qxf5 Qc1+ 37. Kh2 Qg5 38. Qe4 d3 39. Qxd3 Qxe5 40. Qd8+
Kh7 41. Qd3+ Kg8 42. Qd8+ Kf7 43. Qd7+ Kf6 44. Qc6+ Bd6 45. Qf3+ Qf4 46. Qc3+
Be5 47. Qf3 Qxf3 48. gxf3 g5 49. Kg2 Bxg3 50. Kxg3 Kf5 51. a4 h5 52. h4 gxh4+
53. Kxh4 Kf4 54. Kxh5 Kxf3 55. Kg5 Ke4 56. Kg4 Kd3 57. Kf3 Kc4 58. Ke2 Kb3 59.
Kd2 Kxa4 60. Kc2 Ka3 61. Kb1 a4 62. Ka1 Kb3 63. Kb1 a3 64. Ka1 a2 1/2-1/2

[Event "Druzynowe Mistrzostwa Polski Juniorow - I Liga 2018"]
[Site "Kudowa-Zdroj"]
[Date "1899-12-30"]
[Round "3.6"]
[White "Szachniewicz, Weronika"]
[Black "Barwinska, Ewa"]
[Result "1/2-1/2"]
[WhiteTitle "II+"]
[BlackTitle "I"]
[WhiteElo "1057"]
[BlackElo "1457"]

1. e4 c5 2. Nf3 d6 3. d4 cxd4 4. Nxd4 Nf6 5. Nc3 a6 6. g3 b5 7. Bg2 Bb7 8. a3 e6
9. O-O Qc7 10. Qe2 Be7 11. Re1 O-O 12. f4 Nc6 13. Nxc6 Bxc6 14. e5 Nd7 15. exd6
Bxd6 16. Bxc6 Qxc6 17. Qe4 Bc5+ 18. Be3 Bxe3+ 19. Rxe3 Qb6 20. Kg2 Nf6 21. Qf3
Rad8 22. Rd1 Rxd1 23. Nxd1 Rd8 24. Rd3 Rxd3 25. Qxd3 h6 26. h3 Qc6+ 27. Kh2 Qd5
28. Qxd5 Nxd5 29. Kg2 g5 30. Kf3 Kg7 31. Ne3 Nb6 32. b3 f5 33. c4 bxc4 34. Nxc4
Nd5 35. b4 Kf6 36. Na5 h5 37. Nc6 h4 38. gxh4 gxh4 39. Nb8 Nc7 40. Nd7+ Ke7 41.
Ne5 Kf6 42. a4 Kg7 43. Nc6 1/2-1/2

[Event "Druzynowe Mistrzostwa Polski Juniorow - I Liga 2018"]
[Site "Kudowa-Zdroj"]
[Date "1899-12-30"]
[Round "3.7"]
[White "Bilczewski, Kacper"]
[Black "Janik, Igor"]
[Result "0-1"]
[WhiteTitle "k+"]
[BlackTitle "IM"]
[WhiteElo "2093"]
[BlackElo "2420"]

1. e4 d6 2. d4 Nf6 3. Nc3 g6 4. f4 Bg7 5. Nf3 O-O 6. Be2 c5 7. dxc5 Qa5 8. O-O
Qxc5+ 9. Kh1 Nc6 10. a3 Be6 11. Bd2 a6 12. Bd3 b5 13. Qe2 Bg4 14. Be3 Qh5 15.
Qe1 Nd7 16. Rb1 b4 17. Ne2 bxa3 18. f5 Nce5 19. Nxe5 Bxe5 20. Nf4 Bxf4 21. Rxf4
Ne5 22. bxa3 Rfb8 23. Kg1 Rxb1 24. Qxb1 gxf5 25. exf5 Nxd3 26. cxd3 Bxf5 27. Qb7
Re8 28. Rf3 Bxd3 29. Bd4 Bg6 30. Qxa6 Qd5 31. Be3 Ra8 32. Qb6 f6 33. Bd4 Kf7 34.
h3 Be4 35. Rg3 h5 36. Bb2 Rc8 37. Bd4 Rc2 38. Bf2 Rc1+ 39. Kh2 h4 0-1

[Event "Druzynowe Mistrzostwa Polski Juniorow - I Liga 2018"]
[Site "Kudowa-Zdroj"]
[Date "1899-12-30"]
[Round "3.8"]
[White "Czechowski, Jakub"]
[Black "Polczyk, Mikolaj"]
[Result "0-1"]
[WhiteTitle "I"]
[BlackTitle "I+"]
[WhiteElo "1880"]
[BlackElo "2061"]

1. d4 Nf6 2. c4 g6 3. Nc3 Bg7 4. e4 d6 5. f3 O-O 6. Be3 a6 7. Qd2 Nbd7 8. Nge2
b5 9. cxb5 axb5 10. Nxb5 c6 11. Na3 e5 12. Nc3 d5 13. dxe5 Nxe5 14. Be2 dxe4 15.
Qxd8 Rxd8 16. fxe4 Nd3+ 17. Bxd3 Rxd3 18. Bd2 Nxe4 19. Nxe4 Bxb2 20. Rd1 Rdxa3
21. Bh6 Bf5 22. Ng3 Bg4 23. Rd6 Re8+ 24. Kd2 Rxa2 25. Kd3 c5 26. Re1 Raa8 27.
Rxe8+ Rxe8 28. Be3 c4+ 29. Kd2 c3+ 30. Kd3 Rxe3+ 31. Kxe3 c2 0-1

[Event "Druzynowe Mistrzostwa Polski Juniorow - I Liga 2018"]
[Site "Kudowa-Zdroj"]
[Date "1899-12-30"]
[Round "3.9"]
[White "Turski, Bartlomiej"]
[Black "Dzida, Kamil"]
[Result "1/2-1/2"]
[WhiteTitle "I"]
[BlackTitle "I++"]
[WhiteElo "1893"]
[BlackElo "1854"]

1. e4 c5 2. Nf3 d6 3. d4 cxd4 4. Nxd4 Nf6 5. Nc3 a6 6. Be3 e6 7. a4 Be7 8. Be2
Qc7 9. O-O O-O 10. f4 Nc6 11. Kh1 Re8 12. Bd3 Nxd4 13. Bxd4 e5 14. Bg1 exf4 15.
Rxf4 Be6 16. Nd5 Bxd5 17. exd5 Nd7 18. Bxh7+ Kf8 19. Bd3 Ne5 20. Bd4 Bf6 21. Qh5
Ke7 22. Bxe5 dxe5 23. Rb4 Rh8 24. Qe2 Rxh2+ 25. Kxh2 Rh8+ 26. Kg1 Qc5+ 27. Qf2
Qxb4 28. c3 Qd6 29. Be4 Rh4 30. Re1 b6 31. a5 Qc5 32. Qxc5+ bxc5 33. g3 Rh8 34.
Bd3 Kd6 35. Ra1 Ra8 36. Bc4 e4 37. Re1 Bd8 38. Rxe4 Bxa5 39. Rf4 Rb8 40. b3 Bxc3
41. Rxf7 a5 42. Kf2 Ra8 43. Ke3 a4 44. bxa4 Rxa4 45. Rd7+ Kxd7 46. Bb5+ Kd6 47.
Bxa4 Kxd5 48. Kd3 Be5 49. Bb3+ Kd6 50. g4 Bf4 51. Ke4 Ke5+ 1/2-1/2

[Event "Druzynowe Mistrzostwa Polski Juniorow - I Liga 2018"]
[Site "Kudowa-Zdroj"]
[Date "1899-12-30"]
[Round "3.10"]
[White "Koziorowicz, Michal"]
[Black "Panek, Bartosz"]
[Result "1-0"]
[WhiteTitle "I"]
[BlackTitle "I"]
[WhiteElo "1692"]
[BlackElo "1831"]

1. e4 c6 2. d4 d5 3. Nc3 dxe4 4. Nxe4 Bf5 5. Ng3 Bg6 6. h4 h6 7. Nf3 Nd7 8. h5
Bh7 9. Bd3 Bxd3 10. Qxd3 e6 11. Bf4 Qa5+ 12. Bd2 Bb4 13. Ne4 Ngf6 14. Nd6+ Ke7
15. Nc4 Bxd2+ 16. Nfxd2 Qb5 17. a4 Qg5 18. Qa3+ c5 19. Ne3 b6 20. g3 Nd5 21. O-O-O
Nxe3 22. fxe3 Rhd8 23. Kb1 Kf8 24. e4 Qe7 25. d5 exd5 26. exd5 Nf6 27. Rde1 Qd6
28. c4 Re8 29. Qf3 Rxe1+ 30. Rxe1 Re8 31. Rxe8+ Kxe8 32. Ne4 Nxe4 33. Qxe4+ Kf8
34. Qf4 Qxf4 35. gxf4 f5 36. a5 bxa5 37. Ka2 Kf7 38. Kb3 a6 39. Ka4 g6 40. hxg6+
Kxg6 41. Kxa5 h5 42. d6 Kf7 43. Kb6 Ke6 44. Kc7 h4 45. d7 Kd5 1-0

[Event "Druzynowe Mistrzostwa Polski Juniorow - I Liga 2018"]
[Site "Kudowa-Zdroj"]
[Date "1899-12-30"]
[Round "3.11"]
[White "Stebel, Agata"]
[Black "Raczykowska, Paulina"]
[Result "0-1"]
[WhiteTitle "k"]
[BlackTitle "k"]
[WhiteElo "1859"]
[BlackElo "1890"]

1. d4 Nf6 2. c4 e6 3. Nf3 Bb4+ 4. Bd2 Qe7 5. g3 Nc6 6. Bg2 O-O 7. O-O Bxd2 8. Qxd2
Ne4 9. Qc2 f5 10. Nc3 Nf6 11. Rfd1 d6 12. d5 Nb4 13. Qd2 a5 14. dxe6 Qxe6 15.
Nd4 Qxc4 16. Rac1 Qf7 17. Ncb5 Ne4 18. Qe3 Na6 19. a3 Nec5 20. Qc3 a4 21. Nf3
h6 22. Nfd4 Kh8 23. Qf3 Bd7 24. Rc2 Rae8 25. Rdc1 Re5 26. Rc4 Bxb5 27. Nxb5 Nb3
28. Rxc7 Nxc7 29. Rxc7 Qf6 30. Rxb7 Rc8 31. Nc3 Nd4 32. Qd3 Nb3 33. Rb6 Rd8 34.
Nd5 Qe6 35. Nf4 Qf6 36. Qa6 Rc5 37. Nd3 Ra5 38. Qc4 Qe7 39. e3 Qf6 40. Qc7 Rc5
41. Nxc5 Nxc5 42. Bc6 Rf8 43. Qa7 f4 44. exf4 Qd4 45. Qe7 Rg8 46. Qe3 Qd1+ 47.
Kg2 Nd3 48. Rb5 Ne1+ 49. Kh3 Nc2 50. Qf3 Qxf3 51. Bxf3 Nd4 52. Rd5 Nxf3 53. Rd3
Ne1 54. Rxd6 Rb8 55. Rd2 Rb3 56. Rd4 Rxb2 57. Rxa4 Rxf2 58. Kg4 Rxh2 59. Ra7 Ra2
60. Kf5 Kh7 61. g4 Nc2 62. g5 hxg5 63. a4 gxf4 64. Kxf4 Nb4 65. Kg5 Nc6 66. Ra8
Rd2 67. Ra6 Rd5+ 68. Kf4 Na5 69. Ke4 Rh5 70. Kd4 0-1

[Event "Druzynowe Mistrzostwa Polski Juniorow - I Liga 2018"]
[Site "Kudowa-Zdroj"]
[Date "1899-12-30"]
[Round "3.12"]
[White "Siekanska, Zuzanna"]
[Black "Bugaj, Hanna"]
[Result "1-0"]
[WhiteTitle "I"]
[BlackTitle "I"]
[WhiteElo "1395"]
[BlackElo "1356"]

1. d4 Nf6 2. c4 g6 3. Nc3 d5 4. Nf3 dxc4 5. e3 Bg7 6. Bxc4 O-O 7. O-O c5 8. d5
Nbd7 9. e4 Nb6 10. Be2 Bg4 11. h3 Bxf3 12. Bxf3 Nfd7 13. Be3 Rc8 14. Be2 Ne5 15.
Rb1 a6 16. Na4 Nec4 17. Bf4 Nxa4 18. Qxa4 Ne5 19. Rfc1 Qd6 20. b4 cxb4 21. Qxb4
Rxc1+ 22. Bxc1 Qxb4 23. Rxb4 Rc8 24. Rb1 Rc2 25. Bf1 Nc4 26. Bf4 b5 27. Bd3 Rc3
28. Bxc4 Rxc4 29. Rc1 Rxc1+ 30. Bxc1 Kf8 31. Bd2 Ke8 32. Kf1 Kd7 33. f4 e6 34.
dxe6+ Kxe6 35. Ke2 Kd6 36. Bb4+ Kc6 37. Ke3 Bf6 38. g4 Bd8 39. f5 a5 40. Bc3 b4
41. Bb2 a4 42. Kd4 Kb5 43. e5 b3 44. a3 Kc6 45. Kc4 Be7 46. Bc1 Bc5 47. Bb2 Be7
48. f6 Bf8 49. g5 Bc5 50. Bc1 Bf8 51. Bb2 Bc5 52. Bc1 Bb6 53. Kb4 Bd4 54. e6 fxe6
55. f7 Bg7 56. Kxa4 e5 57. Kxb3 e4 58. Bb2 e3 59. Bxg7 e2 60. Bc3 Kd7 61. f8=Q
1-0

[Event "Druzynowe Mistrzostwa Polski Juniorow - I Liga 2018"]
[Site "Kudowa-Zdroj"]
[Date "1899-12-30"]
[Round "3.13"]
[White "Teclaf, Pawel"]
[Black "Raczynski, Krzysztof"]
[Result "1/2-1/2"]
[WhiteTitle "CM"]
[BlackTitle "k+"]
[WhiteElo "2399"]
[BlackElo "2096"]

1. e4 d6 2. d4 Nf6 3. Nc3 e5 4. Nf3 Nbd7 5. Bc4 Be7 6. O-O O-O 7. a4 a5 8. Re1
c6 9. Ba2 exd4 10. Nxd4 Nc5 11. Qf3 Qb6 12. Nb3 Be6 13. Be3 Nfd7 14. Qg3 Bxb3
15. Bxb3 Qc7 16. Rad1 Nxb3 17. cxb3 Rfe8 18. Bd4 Bf8 19. f3 Rac8 20. Re3 Nc5 21.
Bxc5 dxc5 22. Qxc7 Rxc7 23. Red3 Be7 24. Rd7 Rec8 25. e5 Kf8 26. Kf2 Ke8 27. R7d2
Bg5 28. Rc2 Bf4 29. Ne4 Kf8 30. Nxc5 Re8 31. Re2 Rce7 32. g3 Bh6 33. f4 f6 34.
e6 f5 35. Re5 g6 36. Nd7+ Kg7 37. Rd6 g5 38. Kf3 Kg6 39. Rxa5 Rxe6 40. Rxe6+ Rxe6
41. Ne5+ Kf6 42. Ra7 Re7 43. b4 Ke6 44. Nc4 gxf4 45. gxf4 Rd7 46. Ne3 Bg7 47.
b3 Bc3 48. Ra5 Rd3 49. Ke2 Rd2+ 50. Kf1 Rd3 51. Ke2 Rd2+ 1/2-1/2

[Event "Druzynowe Mistrzostwa Polski Juniorow - I Liga 2018"]
[Site "Kudowa-Zdroj"]
[Date "1899-12-30"]
[Round "3.14"]
[White "Butyrowski, Marcel"]
[Black "Koloczek, Maciej"]
[Result "1-0"]
[WhiteTitle "I+"]
[BlackTitle "I"]
[WhiteElo "1725"]
[BlackElo "1851"]

1. d4 Nf6 2. c4 g6 3. Nc3 Bg7 4. g3 O-O 5. Bg2 c6 6. e4 d6 7. Nge2 e5 8. O-O Nbd7
9. h3 Re8 10. d5 c5 11. Kh2 Kh8 12. Be3 Ng8 13. Qd2 f5 14. Rae1 Ngf6 15. b3 a6
16. Qc2 Nf8 17. a3 Qa5 18. Qb2 Qc7 19. Qa2 Bd7 20. b4 b6 21. bxc5 bxc5 22. Rb1
Rab8 23. Rxb8 Rxb8 24. Rb1 Rb6 25. Rxb6 Qxb6 26. f4 Nh5 27. Qc2 a5 28. a4 Qb4
29. Nb5 Bxb5 30. cxb5 fxe4 31. Bd2 Qa3 32. Bxe4 exf4 33. Bxf4 Nxf4 34. Nxf4 Nd7
35. Ne6 Nb6 36. Bg2 Qxa4 37. Qe2 Qc4 38. Qe3 Nxd5 39. Qf3 Nb6 40. Qf7 1-0

[Event "Druzynowe Mistrzostwa Polski Juniorow - I Liga 2018"]
[Site "Kudowa-Zdroj"]
[Date "1899-12-30"]
[Round "3.15"]
[White "Adamczyk, Zuzanna"]
[Black "Wojdak, Jan"]
[Result "0-1"]
[WhiteTitle "I++"]
[BlackTitle "I"]
[WhiteElo "1722"]
[BlackElo "1754"]

1. e4 c5 2. Nf3 Nc6 3. d4 cxd4 4. Nxd4 Nf6 5. Nc3 d6 6. Bg5 e6 7. Qd2 a6 8. O-O-O
Bd7 9. f4 b5 10. Bxf6 gxf6 11. Kb1 Qb6 12. Nxc6 Bxc6 13. Qe1 Ra7 14. Bd3 Qc5 15.
Qh4 Be7 16. f5 b4 17. Ne2 e5 18. b3 Bb5 19. Bxb5+ axb5 20. Rd5 Qc6 21. Qe1 Rxa2
22. Nc3 Ra5 23. Na4 Ra8 24. Qxb4 bxa4 25. Rb5 axb3 26. cxb3 Rc8 27. Rb8 O-O 28.
Rxc8 Rxc8 29. Qd2 Qxe4+ 30. Kb2 Qd4+ 31. Qxd4 exd4 32. Rd1 Rc5 33. Rxd4 Rxf5 0-1

[Event "Druzynowe Mistrzostwa Polski Juniorow - I Liga 2018"]
[Site "Kudowa-Zdroj"]
[Date "1899-12-30"]
[Round "3.16"]
[White "Lewandowski, Witold"]
[Black "Dziendziel, Mateusz"]
[Result "0-1"]
[WhiteTitle "II+"]
[BlackTitle "II"]
[WhiteElo "1444"]
[BlackElo "1587"]

1. e4 c5 2. Nf3 d6 3. d4 Nf6 4. Nc3 cxd4 5. Nxd4 g6 6. Be3 Bg7 7. f3 O-O 8. Bc4
Nc6 9. Qd2 Bd7 10. O-O-O Rb8 11. Bb3 b5 12. h4 Na5 13. h5 Nc4 14. Bxc4 bxc4 15.
hxg6 fxg6 16. Bh6 Bxh6 17. Qxh6 Rf7 18. e5 dxe5 19. Nc6 Qb6 20. Nxb8 Qxb8 21.
Nd5 Be6 22. Nxf6+ exf6 23. c3 Bf5 24. g4 Bd3 25. Qe3 Qb5 26. Rh2 Qa5 27. Rxd3
cxd3 28. a3 Qd5 29. Qe4 Qxe4 30. fxe4 f5 31. gxf5 gxf5 32. exf5 Rxf5 33. Kd2 e4
34. Ke3 Re5 35. Rh4 Kg7 36. c4 h5 37. b4 Kf6 38. c5 Ke6 39. a4 Kd5 40. Rf4 Rg5
41. c6 Rg3+ 42. Kd2 Rg2+ 43. Ke1 e3 44. c7 Rg1+ 45. Rf1 d2+ 46. Ke2 Rxf1 47. c8=Q
d1=Q+ 48. Kxe3 Rf3# 0-1